Economics

Bibliographic Details
Main Authors: Byrns, Ralph T. (Author), Stone, Gerald W. (Author)
Format: Book
Language:English
Published: Illinois : Scott, Foresman and Compony c1981
Subjects:

MARC

LEADER 00000cam a2200000 7i4500
001 0000001569
005 20240924.0
008 240327 ilu a eng
020 |a 067316165x (hardback) 
040 |a INS   |b eng   |e rda 
090 0 0 |a RHB171.5   |b .B99 1981 
100 1 |a Byrns, Ralph T. ,   |e author 
245 1 0 |a Economics   |c Ralph T. Byrns, Gerald W. Stone 
264 1 |a Illinois :   |b Scott, Foresman and Compony   |c c1981 
264 4 |c ©1981 
300 |a 854 pages :   |b illustrations ;   |c 23 cm. 
336 |a text  |2 rdacontent 
337 |a unmediated  |2 rdamedia 
338 |a volume  |2 rdacarrier 
500 |a Includes index 
650 0 |a Economics 
700 1 |a Stone, Gerald W. ,   |e author 
999 |a 0000001494   |b BOOK   |c Red Spot   |e Default branch